1287 1625 1565 1239 1858 1140 1517 1336 1776 1606 1391 1595 1829 1139 1875 1130 1352 1841 1710 1171 1828 1027 1778 1681 1620 1889 1488 1760 1352 1552 1982 1387 1436 1251 1307 1713 1735 1479 1102 1066 1448 1734 1438 1252 1392 1015 1486 1708 1631 1068 1381 1072 1520 1629 1712 1344 1650 1095 1571 1878 1152 1336 1297 1561 1003 1865 1409 1501 1488 1551 1825 1360 1974 1563 1804 1507 1334 1594 1888 1558 1784 1276 1360 1120 1907 1048 1567 1206 1865 1084 1209 1624 1435 1174 1373 1214 1155 1348 1267 BCNSPRNW ULIB Ver.6.0+V

เปลี่ยนเป็นภาษาไทย

Change to English
 แสดงรายละเอียดบรรณานุกรม
  กลับหน้าหลัก

Brief Record : Get Marc (ISO 2709) : E-mail record : QR code < ปิดหน้าต่าง
LEADER : 00000nam 2200000uu 4500
001    13399111439
003     ULIB
008    110627s||||||||th 000 0 tha d
020    9746411004
060 04 QU60^bอ437ก 2549
100 0  อวยพร อภิรักษ์อร่ามวง
245 10 กรดอะมิโนและโปรตีน =^b(Amino acid and protein) /^cอวยพรอภิรักษ์อร่ามวง
246 31 Amino acid and protein
250    พิมพ์ครั้งที่ 1
260    นครปฐม :^bคณะเภสัชศาสตร์ มหาวิทยาลัยศิลปากร,^c2549
300    x, 112 หน้า :^bภาพประกอบ ;^c30 ซม.
650  7 กรดอะมิโน
650  7 โปรตีน
710 2  มหาวิทยาลัยศิลปากร. ^bคณะเภสัชศาสตร์
945    ^p180^l0^i24630
945    ^p180^l0^i24631
995    กัณชพร
999    ^aใช้งานได้ทุกระบบ
รายการนี้ยังไม่มีแท็ก
คุณยังไม่ได้ล็อกอิน คุณสามารถมีกิจกรรมร่วมกับเว็บไซต์ได้ แต่ต้องล็อกอินก่อน ::
  ล็อกอิน

รายการสื่อสารสนเทศ

ลำดับที่ ประเภท เลขเรียก/บาร์โค้ด สถานที่ สถานะ
- ไม่พบข้อมูล -

รายการใกล้เคียง
    หัวเรื่อง [โปรตีน]

BibComment


ยังไม่เคยถูกคอมเมนท์

คอมเมนท์ทรัพยากรรายการนี้
  คอมเมนท์: กรดอะมิโนและโปรตี..


 Copyright 2026. Bcnsprnw @Library